The Middle Quiz #1 - S1E1 (Pilot) - Statistics

General Stats
  • This quiz has been taken 100 times
  • The average score is 14 of 30
Answer Stats
Hint Answer % Correct
Oldest Child Axl
86%
Who hands Frankie the food in the car Axl
86%
Youngest Child Brick
86%
Dad Mike
86%
Middle Child Sue
86%
Frankie’s Sales Record at the end of the day -1
85%
Mom Frankie
85%
Year the episode takes place in 2008
84%
Family Name Heck
82%
State the show takes place in Indiana
82%
Age of Middle Child 13
80%
Age of Oldest Son 15
77%
Mike’s Workplace Orson Limestone
66%
How many football games was Axl suspended from? 3
61%
What color is the car that Mike is diving when he finds Frankie? Blue
50%
Frankie’s Birth Year 1966
45%
The neighbours across the street Donahue
43%
What Sue was trying out for that week Show Choir
41%
Frankie’s Workplace Elhert’s Motors
35%
Brick’s best friend His Backpack
23%
Popular Chain saying (usually started by Sue) Mom Mike Axl
22%
Who was Brick doing a book report on (hint: superhero) Superwoman
14%
When stranded after the women Frankie Heck was test driving with steals the car and leaves her behind, what does Frankie Heck eat off the road? Little Betty Chocolate Snack Cake
12%
Who had a candy-corn shaped head until he was ___ Axl, 6
7%
When did Mike last tell Frankie he loved her? His wedding day
5%
Tourist Attraction Largest Polyurethane Cow
5%
Which order of the things Sue tried out for was Show Choir (Ex: Gymnastics was 3rd (According to Mike)) 12th
3%
Why was he suspended? Called coach a moron
1%
Extended Mom-Mike-Axl Chain at the end of the episode Mom Mike Axl Dad Frankie Axl
0%
What Sue was really on SC Crew
0%
No matching quizzes found
Score Distribution
Percent of People with Each Score
Percentile by Number Answered
Your Score History
You have not taken this quiz